[Event "3rd Ideon Andron Open 2014"]
[Site "Anogia GRE"]
[Date "2014.07.31"]
[Round "3.5"]
[White "Narayanan, Srinath"]
[Black "Tsekouras, Theodoros"]
[Result "1-0"]
[WhiteTitle "IM"]
[WhiteElo "2419"]
[BlackElo "2211"]
[WhiteFideId "5018420"]
[BlackFideId "4203402"]
[EventDate "2014.07.30"]

1. e4 e5 2. Nf3 Nc6 3. d4 exd4 4. Nxd4 Nf6 5. Nc3 Bb4 6. Nxc6 bxc6 7. Bd3 d5 8.
exd5 cxd5 9. O-O O-O 10. h3 c6 11. Qf3 Bd6 12. Bg5 h6 13. Bf4 Rb8 14. b3 Re8 15.
Rad1 Be6 16. Ne2 Bxf4 17. Nxf4 Qa5 18. Qg3 Rb7 19. Nxe6 Rxe6 20. Bf5 Re8 21. Qd6
c5 22. a4 Rbe7 23. Bd3 Re6 24. Qg3 Qb4 25. Bb5 Rc8 26. Bd3 Rce8 27. Bb5 Rc8 28.
Qd3 a6 29. Bxa6 c4 30. Qf5 Ra8 31. Bb5 cxb3 32. cxb3 Qxb3 33. Qf4 Qa3 34. Rfe1
Qe7 35. Rxe6 Qxe6 36. Qd2 Qb6 37. Rc1 Rd8 38. Rc6 Qb8 39. Qd4 Rc8 40. Rxc8+ Qxc8
41. a5 Qc1+ 42. Bf1 Ne4 43. Qxd5 Nd2 44. Qd8+ Kh7 45. Qd3+ g6 46. a6 Nxf1 47.
Qxf1 Qa3 48. g3 h5 49. Qc4 Qa1+ 50. Kg2 Kg7 51. h4 Qa5 52. Qc6 g5 53. Qb7 gxh4
54. a7 1-0

[Event "3rd Ideon Andron Open 2014"]
[Site "Anogia GRE"]
[Date "2014.07.31"]
[Round "3.6"]
[White "Simeonidis, Ioannis"]
[Black "Anurag, Mhamal"]
[Result "0-1"]
[WhiteTitle "FM"]
[BlackTitle "IM"]
[WhiteElo "2234"]
[BlackElo "2405"]
[WhiteFideId "4202570"]
[BlackFideId "5024366"]
[EventDate "2014.07.30"]

1. Nf3 c5 2. c4 g6 3. d4 cxd4 4. Nxd4 Bg7 5. e4 Nc6 6. Be3 Nh6 7. Nc3 O-O 8. Be2
f5 9. exf5 gxf5 10. g3 d6 11. Qd2 Ng4 12. Bxg4 fxg4 13. Nxc6 bxc6 14. h3 gxh3
15. g4 Bxg4 16. Bh6 Bxh6 17. Qxh6 Qa5 18. Rg1 Qe5+ 19. Kf1 Qd4 20. Qh4 Rxf2+ 21.
Qxf2 Rf8 22. Nd1 Rxf2+ 23. Nxf2 Qxc4+ 0-1

[Event "3rd Ideon Andron Open 2014"]
[Site "Anogia GRE"]
[Date "2014.07.31"]
[Round "3.7"]
[White "Goumas, Georgios"]
[Black "Panagiotopoulos, Alexandros"]
[Result "1-0"]
[WhiteElo "2371"]
[BlackElo "2135"]
[WhiteFideId "4208935"]
[BlackFideId "4207076"]
[EventDate "2014.07.30"]

1. e4 c5 2. Nf3 e6 3. g3 Nc6 4. Bg2 Qc7 5. O-O Nf6 6. Qe2 d5 7. exd5 Nxd5 8. Rd1
Be7 9. d4 O-O 10. c4 Nf6 11. Nc3 cxd4 12. Nxd4 Nxd4 13. Rxd4 Bd7 14. Bf4 Qb6 15.
Rad1 Bc6 16. Bd6 Bxd6 17. Rxd6 Ne8 18. R6d4 Bxg2 19. Kxg2 Nf6 20. Rd6 Qb4 21.
R6d4 Rac8 22. Nb5 Qc5 23. Nd6 Rc7 24. f4 Rd7 25. Qf3 Rfd8 26. Nxb7 Rxd4 27. Nxc5
Rxd1 28. Nb3 h5 29. c5 R1d3 30. Qe2 Ng4 31. c6 R3d6 32. c7 Rc8 33. Qb5 Ne3+ 34.
Kf3 Nd5 35. Qb8 Ne7 36. Na5 Kh7 37. Nc4 Rc6 38. Qb5 R6xc7 39. Qxh5+ Kg8 40. Nd6
g6 41. Qg5 Rb8 42. h4 Rxb2 43. Qf6 Rbc2 44. Qxf7+ Kh8 45. Qf6+ Kg8 46. Qxe6+ Kg7
47. Ne8+ 1-0

[Event "3rd Ideon Andron Open 2014"]
[Site "Anogia GRE"]
[Date "2014.07.31"]
[Round "3.8"]
[White "Kotronias, Vasilios"]
[Black "Hristodoulaki, Antonia"]
[Result "1-0"]
[WhiteTitle "GM"]
[WhiteElo "2564"]
[BlackElo "1940"]
[WhiteFideId "5900212"]
[BlackFideId "4214935"]
[EventDate "2014.07.30"]

1. e4 c5 2. Nf3 d6 3. d4 cxd4 4. Nxd4 Nf6 5. Nc3 g6 6. Be3 Bg7 7. f3 O-O 8. Qd2
Nc6 9. Bc4 Nxd4 10. Bxd4 Be6 11. Bb3 a6 12. O-O-O b5 13. Kb1 Rb8 14. g4 a5 15.
h4 a4 16. Bxe6 fxe6 17. h5 Qe8 18. hxg6 hxg6 19. Ne2 b4 20. Ng3 Qf7 21. Qh2 Rb5
22. b3 a3 23. f4 e5 24. fxe5 dxe5 25. Be3 Qe6 26. g5 Ng4 27. Qh7+ Kf7 28. Rdf1+
Ke8 29. Qxg7 Rxf1+ 30. Nxf1 Qd6 31. Rh8+ Kd7 32. Qg8 Qd1+ 33. Bc1 1-0

[Event "3rd Ideon Andron Open 2014"]
[Site "Anogia GRE"]
[Date "2014.07.31"]
[Round "3.9"]
[White "Milonakis, Georgios"]
[Black "Swapnil, S. Dhopade"]
[Result "0-1"]
[BlackTitle "IM"]
[WhiteElo "2151"]
[BlackElo "2421"]
[WhiteFideId "4206320"]
[BlackFideId "5019184"]
[EventDate "2014.07.30"]

1. e4 c5 2. Nf3 d6 3. d4 cxd4 4. Nxd4 Nf6 5. Nc3 g6 6. Be3 Bg7 7. f3 O-O 8. Qd2
Nc6 9. O-O-O d5 10. Kb1 Rb8 11. Nb3 dxe4 12. Qxd8 Rxd8 13. Rxd8+ Nxd8 14. Bxa7
Ra8 15. Bb6 Bf5 16. g4 Be6 17. fxe4 Bxg4 18. Bb5 Nc6 19. Nc5 Nd7 20. Nxd7 Bxc3
21. Nc5 Bd4 22. Nxb7 Bxb6 23. Bxc6 Ra7 24. a4 Bc8 25. a5 Bc7 26. Nc5 Bxa5 27.
Nd3 Rc7 28. Bd5 e6 29. Ba8 f6 30. e5 f5 31. h4 Kf7 32. Rd1 Rc4 33. Rh1 h5 34.
Rh3 Bd8 35. b4 Bxh4 36. b5 Bd8 37. Bc6 Bb6 38. Nb2 Rd4 39. Ra3 f4 40. c3 Rd8 41.
Nc4 Bc5 42. Ra8 Ke7 43. b6 Bd7 44. Ra7 f3 45. Bxf3 Ke8 46. Rc7 Bf2 47. Nd6+ Kf8
48. b7 Ba7 49. Rc8 Bxc8 50. bxc8=Q Rxc8 51. Nxc8 Be3 52. Kc2 Bf4 53. Nb6 Kg7 54.
Nc4 Kh6 55. Kd3 g5 56. Ke4 Bc1 57. Na5 g4 58. Bg2 h4 59. Nb3 Bb2 60. c4 h3 61.
Bf1 Kg5 62. Nc5 Kh4 63. Nd3 Kg3 64. Nf4 Bc1 65. Nh5+ Kf2 66. Nf6 Kxf1 67. Nxg4
Kg2 68. c5 Bg5 69. c6 Bd8 70. Ne3+ Kg1 0-1

[Event "3rd Ideon Andron Open 2014"]
[Site "Anogia GRE"]
[Date "2014.07.31"]
[Round "3.10"]
[White "Kokolias, Konstantinos"]
[Black "Kasparova, Tatiana"]
[Result "1-0"]
[BlackTitle "WIM"]
[WhiteElo "2109"]
[BlackElo "2132"]
[WhiteFideId "4205006"]
[BlackFideId "13501453"]
[EventDate "2014.07.30"]

1. e4 c6 2. d4 d5 3. exd5 cxd5 4. c4 Nf6 5. Nc3 g6 6. Qb3 Bg7 7. cxd5 O-O 8. Be2
Na6 9. Bf3 Qb6 10. Qxb6 axb6 11. Nge2 Nb4 12. O-O Rd8 13. d6 Rxd6 14. Bf4 Rd7
15. Rfd1 Ra5 16. Rac1 Ra8 17. Be5 Ne8 18. a3 Nc6 19. Bxg7 Kxg7 20. Nd5 Ra6 21.
Nb4 Nxb4 22. Rxc8 Nd6 23. Rcc1 Nc6 24. Bxc6 bxc6 25. Rxc6 Nb5 26. Kf1 Na7 27.
Rc4 Ra5 28. Rdc1 Rad5 29. Rc7 Kf6 30. a4 e6 31. f3 Ke7 32. Kf2 Rxc7 33. Rxc7+
Rd7 34. Rxd7+ Kxd7 35. Ke3 Nc6 36. Kd3 Ne7 37. Nc3 Nc6 38. Kc4 Na5+ 39. Kb5 Kc7
40. d5 Nb7 41. dxe6 fxe6 42. Ne4 Nd8 43. b4 Nc6 44. Ng5 1-0

[Event "3rd Ideon Andron Open 2014"]
[Site "Anogia GRE"]
[Date "2014.08.01"]
[Round "4.1"]
[White "Anurag, Mhamal"]
[Black "Antic, Dejan"]
[Result "1/2-1/2"]
[WhiteTitle "IM"]
[BlackTitle "GM"]
[WhiteElo "2405"]
[BlackElo "2479"]
[WhiteFideId "5024366"]
[BlackFideId "901008"]
[EventDate "2014.07.30"]

1. c4 e6 2. Nf3 Nf6 3. g3 d5 4. d4 Bb4+ 5. Bd2 a5 6. Qa4+ Bd7 7. Qb3 dxc4 8.
Qxc4 Bc6 9. Bxb4 Bd5 10. Qb5+ Bc6 11. Qc4 Bd5 1/2-1/2

[Event "3rd Ideon Andron Open 2014"]
[Site "Anogia GRE"]
[Date "2014.08.01"]
[Round "4.2"]
[White "Goumas, Georgios"]
[Black "Narayanan, Srinath"]
[Result "0-1"]
[BlackTitle "IM"]
[WhiteElo "2371"]
[BlackElo "2419"]
[WhiteFideId "4208935"]
[BlackFideId "5018420"]
[EventDate "2014.07.30"]

1. e4 c5 2. Nf3 d6 3. Bb5+ Nd7 4. O-O a6 5. Bd3 Ngf6 6. Re1 b5 7. c4 Ne5 8. Be2
Nxc4 9. a4 Bb7 10. axb5 axb5 11. Rxa8 Qxa8 12. b3 Nb6 13. Bxb5+ Nfd7 14. d4 cxd4
15. Qxd4 Bc6 16. Bxc6 Qxc6 17. Be3 e5 18. Qd3 Be7 19. Rc1 Qb7 20. Qb5 O-O 21.
Nbd2 Rb8 22. h3 g6 23. Rc6 Kg7 24. Nc4 Nxc4 25. Qxb7 Rxb7 26. Rxc4 f5 27. exf5
gxf5 28. g3 Kf7 29. Nd2 d5 30. Rc6 f4 31. gxf4 d4 32. fxe5 Nxe5 33. Rh6 dxe3 34.
fxe3 Kg7 35. Re6 Ng6 36. Kf2 Rb5 37. Rc6 Rh5 38. Nf3 Rxh3 39. Nd4 Ne5 40. Re6
Bf6 41. Kg2 Rh5 42. e4 Rg5+ 43. Kf1 Rg4 44. Nf5+ Kg6 45. Nd6 Kg5 46. b4 h5 47.
Re8 h4 48. Rg8+ Ng6 49. Ra8 h3 50. Ra5+ Be5 51. Nf7+ Kf4 52. Ra2 Bd4 53. Rh2
Rg1+ 54. Ke2 Rg2+ 0-1

[Event "3rd Ideon Andron Open 2014"]
[Site "Anogia GRE"]
[Date "2014.08.01"]
[Round "4.3"]
[White "Kasparov, Sergey"]
[Black "Galopoulos, Nikolaos"]
[Result "1/2-1/2"]
[WhiteTitle "GM"]
[WhiteElo "2460"]
[BlackElo "2361"]
[WhiteFideId "13500481"]
[BlackFideId "4208951"]
[EventDate "2014.07.30"]

1. e4 c5 2. Nf3 d6 3. d4 cxd4 4. Nxd4 Nf6 5. f3 a5 6. Bb5+ Bd7 7. Bxd7+ Nbxd7 8.
c4 g6 9. Nc3 Bg7 10. Be3 O-O 11. Rc1 Nc5 12. b3 Rc8 13. Qe2 e6 14. O-O Qe7 15.
Rfd1 Rfd8 16. Bg5 h6 17. Bh4 g5 18. Bf2 Nfd7 19. Ndb5 Ne5 20. Rc2 Ng6 21. Bd4
Be5 22. Bxe5 dxe5 23. g3 Rxd1+ 24. Qxd1 Rd8 25. Rd2 Rxd2 26. Qxd2 Nf8 27. Qd6
Qxd6 28. Nxd6 Nfd7 29. Kf2 Kf8 30. Ke3 Ke7 31. Nc8+ Kd8 32. Nd6 Ke7 33. Ncb5 f6
34. g4 Nb8 35. Nc8+ Kd7 36. Nb6+ Kc6 37. Nc8 Kd7 38. Nb6+ Kc6 39. Nc8 1/2-1/2

[Event "3rd Ideon Andron Open 2014"]
[Site "Anogia GRE"]
[Date "2014.08.01"]
[Round "4.4"]
[White "Hristodoulou, Panagiotis"]
[Black "Kotronias, Vasilios"]
[Result "1-0"]
[BlackTitle "GM"]
[WhiteElo "2242"]
[BlackElo "2564"]
[WhiteFideId "4214340"]
[BlackFideId "5900212"]
[EventDate "2014.07.30"]

1. e4 c5 2. Nf3 e6 3. d4 cxd4 4. Nxd4 Nc6 5. Nc3 d6 6. g4 Nge7 7. Be3 a6 8. Be2
b5 9. Qd2 Bb7 10. O-O-O Na5 11. a3 Rc8 12. f4 d5 13. f5 e5 14. Nf3 Qc7 15. Kb1
d4 16. Nxd4 exd4 17. Bxd4 Rd8 18. Qe3 Rxd4 19. Rxd4 Nec6 20. Rd2 Ne5 21. Rhd1
Be7 22. Qg3 f6 23. g5 Qb6 24. Bh5+ g6 25. gxf6 Qxf6 26. fxg6 hxg6 27. Rf2 Qe6
28. Qxe5 1-0

[Event "3rd Ideon Andron Open 2014"]
[Site "Anogia GRE"]
[Date "2014.08.01"]
[Round "4.5"]
[White "Kokolias, Konstantinos"]
[Black "Lekic, Dusan"]
[Result "1/2-1/2"]
[BlackTitle "IM"]
[WhiteElo "2109"]
[BlackElo "2433"]
[WhiteFideId "4205006"]
[BlackFideId "905330"]
[EventDate "2014.07.30"]

1. e4 c5 2. Nf3 d6 3. d4 cxd4 4. Nxd4 Nf6 5. Nc3 Nc6 6. Be3 e5 7. Nb3 Be6 8. Qd2
Be7 9. f3 a5 10. Bb5 O-O 11. O-O-O Nb4 12. a3 d5 13. axb4 d4 14. Nxd4 exd4 15.
Qxd4 Qc8 16. Nd5 Nxd5 17. exd5 Bf5 18. Bd3 axb4 19. Bxf5 Qxf5 20. Qe4 Qd7 21.
Bd4 Ra1+ 22. Kd2 Ra5 23. Qg4 Qxg4 24. fxg4 Rxd5 25. Ke2 Rc8 26. c3 bxc3 27. Bxc3
Rb5 28. Rd7 Bf6 29. Rhd1 h6 30. Bxf6 gxf6 31. Rd8+ Rxd8 32. Rxd8+ Kg7 33. Rd2
Rb3 34. Kd1 Kg6 35. Kc2 Re3 36. Rf2 Kg5 1/2-1/2

[Event "3rd Ideon Andron Open 2014"]
[Site "Anogia GRE"]
[Date "2014.08.01"]
[Round "4.6"]
[White "Swapnil, S. Dhopade"]
[Black "Malikentzos, Sotirios"]
[Result "1/2-1/2"]
[WhiteTitle "IM"]
[BlackTitle "FM"]
[WhiteElo "2421"]
[BlackElo "2352"]
[WhiteFideId "5019184"]
[BlackFideId "4215079"]
[EventDate "2014.07.30"]

1. Nf3 d5 2. g3 c6 3. Bg2 Nf6 4. O-O Bg4 5. d4 e6 6. Nbd2 Nbd7 7. Re1 Be7 8. e4
O-O 9. c3 dxe4 10. Nxe4 Nxe4 11. Rxe4 Bf5 12. Re1 Qb6 13. Nd2 a5 14. a4 Qa6 15.
Nf1 Nf6 16. Bg5 h6 17. Ne3 Bd3 18. Bxf6 Bxf6 19. Ng4 Be7 20. Ne5 Bf5 21. Bf1 Qa7
22. Bc4 Bd6 23. Qh5 Bxe5 24. Rxe5 Qb6 25. Qe2 Rac8 26. Re1 Bh7 27. h4 Qd8 28. f4
b6 29. Qf2 Bf5 30. Qe2 Bh7 31. Kh2 Rc7 32. Qf2 Bf5 33. Qe2 Rd7 34. Qf3 Rd6 35.
Kg2 Bc2 36. b3 Kh8 37. Qe2 Bh7 38. Qf3 Bc2 39. h5 c5 40. d5 exd5 41. Rxd5 Rxd5
42. Qxd5 Qf6 43. Qe5 Qd8 44. Bd5 f5 45. Kf2 Be4 46. Bxe4 fxe4 47. Rxe4 Qd1 48.
Qe7 Rd8 49. Re2 Rd2 50. Qe8+ Kh7 51. Qg6+ Kh8 52. Qe8+ Kh7 53. Qe4+ Kh8 54. Rxd2
Qxd2+ 55. Qe2 Qxc3 56. Qe8+ Kh7 57. Qe4+ Kh8 58. Qa8+ Kh7 59. Qe4+ Kh8 60. Qe8+
Kh7 61. Qg6+ Kh8 62. Qxb6 Qd2+ 63. Kf3 Qd3+ 64. Kf2 Qd2+ 65. Kf3 Qd3+ 66. Kg4
Qd7+ 67. Kh4 Qe7+ 68. Kh3 Qd7+ 69. Kh4 Qe7+ 70. Kh3 Qd7+ 71. g4 Qd3+ 72. Kh4 Qd2
73. Qb8+ Kh7 74. f5 Qe1+ 75. Kh3 Qf1+ 76. Kg3 Qd3+ 77. Kg2 Qe2+ 78. Kh3 Qf1+ 79.
Kg3 Qd3+ 80. Kh4 Qf3 81. Qc7 Qh1+ 82. Kg3 Qe1+ 83. Kh3 Qf1+ 84. Kg3 Qe1+ 85. Kg2
Qe2+ 86. Kg3 1/2-1/2

[Event "3rd Ideon Andron Open 2014"]
[Site "Anogia GRE"]
[Date "2014.08.01"]
[Round "4.7"]
[White "Pap, Misa"]
[Black "Papadogiannis, Sevastianos"]
[Result "1/2-1/2"]
[WhiteTitle "GM"]
[WhiteElo "2514"]
[BlackElo "2054"]
[WhiteFideId "921610"]
[BlackFideId "4239369"]
[EventDate "2014.07.30"]

1. e4 c6 2. d4 d5 3. Nd2 g6 4. h3 Bg7 5. Ngf3 Nd7 6. Bd3 dxe4 7. Nxe4 Ngf6 8.
Nxf6+ Nxf6 9. O-O O-O 10. Re1 b6 11. Qe2 e6 12. Bf4 Bb7 13. Rad1 Qe7 14. c4 Rfd8
15. Qc2 Qf8 16. c5 Nd5 17. Bd6 Rxd6 18. cxd6 Qxd6 19. Ne5 Nb4 20. Qb3 Nxd3 21.
Rxd3 Rd8 22. Rf3 Rf8 23. Qa3 c5 24. dxc5 bxc5 25. Rd3 Bd5 26. Nc4 Qf4 27. Ne3
Bd4 28. Red1 Ba8 29. Qxa7 e5 30. Qe7 c4 31. Rxd4 exd4 32. Nxc4 Bd5 33. Qe5 Qxe5
34. Nxe5 Bxa2 35. Rxd4 Bb3 36. Rb4 Be6 37. h4 Rd8 38. Kh2 Kg7 39. Nf3 Rd3 40.
Kg3 h6 41. Kh2 Kf6 42. Nd4 Bd5 43. Ne2 Rd2 44. Nc3 Ke7 45. Kg3 Bc6 46. f3 Rc2
47. Nb5 Bxb5 48. Rxb5 Rd2 49. b3 h5 50. Rb6 Kf8 51. b4 Kg7 52. b5 Rb2 53. Rb8
Kf6 54. Kh3 Rb3 55. Kh2 Rb2 56. Rb6+ Ke5 57. Kg3 Kf5 58. Rb8 Kf6 59. b6 Rb4 60.
Kh3 Rb3 61. Kh2 Rb4 62. g3 Rb2+ 63. Kg1 Kg7 64. Kf1 Rb3 65. Ke2 Kf6 66. g4 hxg4
67. fxg4 Rh3 68. Rc8 Rb3 69. Rb8 Rb4 70. Kf3 Kg7 71. Kg3 Kh7 72. Kf3 Kg7 73. g5
Rxh4 74. Rc8 Rb4 75. Rc6 Rb5 76. Kf4 Rf5+ 77. Kg4 Rb5 78. Rd6 Rb4+ 79. Kf3 Rb5
80. Kf4 Rf5+ 81. Ke4 Rxg5 82. Kd4 Rb5 83. Kc4 Rb1 84. Kc5 Rc1+ 85. Kd5 g5 86. b7
Rb1 87. Kc6 g4 88. Kc7 g3 89. Rd3 Rc1+ 90. Kd7 Rb1 91. Rxg3+ Kf6 92. Kc7 Rc1+
93. Kd8 Rd1+ 94. Ke8 Re1+ 95. Kd8 Rd1+ 96. Kc8 Rc1+ 97. Kb8 Rb1 98. Rc3 Ke5 99.
Kc7 f5 100. Kc6 Ke4 101. Rc4+ Ke3 102. Rc5 Rxb7 103. Kxb7 f4 104. Re5+ Kd3 105.
Rf5 Ke3 106. Kc6 f3 107. Kd5 f2 108. Rxf2 Kxf2 1/2-1/2

[Event "3rd Ideon Andron Open 2014"]
[Site "Anogia GRE"]
[Date "2014.08.01"]
[Round "4.8"]
[White "Kourkoulos-Arditis, Stamatis"]
[Black "Maris, Ioannis"]
[Result "1-0"]
[WhiteTitle "FM"]
[BlackTitle "FM"]
[WhiteElo "2330"]
[BlackElo "2039"]
[WhiteFideId "4221990"]
[BlackFideId "4201540"]
[EventDate "2014.07.30"]

1. Nf3 Nf6 2. g3 g6 3. Bg2 Bg7 4. c4 O-O 5. O-O d6 6. Nc3 c6 7. d3 Nbd7 8. Rb1
a5 9. a3 Ng4 10. Qc2 Nde5 11. Nxe5 Nxe5 12. b4 axb4 13. axb4 Bd7 14. b5 Ng4 15.
h3 Nf6 16. Kh2 d5 17. e4 d4 18. Ne2 e5 19. f4 cxb5 20. cxb5 Qb6 21. fxe5 Nh5 22.
Nf4 Nxg3 23. Kxg3 Bxe5 24. Kf2 Rfc8 25. Qd2 Qd6 26. Kg1 Rc5 27. Nd5 f6 28. Qf2
Kg7 29. Bf4 Rxb5 30. Rbc1 Bc6 31. Bxe5 Qxe5 32. Nxf6 Qg5 33. Qxd4 Qe5 34. Qxe5
Rxe5 35. d4 Rg5 36. d5 Ra2 37. Ng4 Bb5 38. Rc7+ 1-0

[Event "3rd Ideon Andron Open 2014"]
[Site "Anogia GRE"]
[Date "2014.08.01"]
[Round "4.9"]
[White "Balokas, Dimitrios"]
[Black "Lirindzakis, Timotheos"]
[Result "0-1"]
[BlackTitle "IM"]
[WhiteElo "2034"]
[BlackElo "2271"]
[WhiteFideId "4216920"]
[BlackFideId "4200381"]
[EventDate "2014.07.30"]

1. d4 d5 2. c4 e6 3. Nf3 Nf6 4. Nc3 Bb4 5. cxd5 exd5 6. Bg5 h6 7. Bxf6 Qxf6 8.
Qb3 Qd6 9. e3 O-O 10. Nd2 c6 11. Bd3 Qe7 12. O-O-O Be6 13. h3 Nd7 14. Kb1 c5 15.
Nxd5 Qg5 16. Be4 Bxd2 17. Rxd2 cxd4 18. f4 Qd8 19. Rxd4 Nc5 20. Qb4 Rc8 21. Rc1
b6 22. Nc3 Qf6 23. Bc2 Rfd8 24. Rcd1 Re8 25. g4 Rb8 26. f5 Bc8 27. Nd5 Qe5 28.
f6 g6 29. Ne7+ Kh7 30. Nc6 Qc7 31. Nxb8 Qxb8 32. Rd8 Rxd8 33. Rxd8 Qc7 34. Rd1
Qg3 35. Qd4 Be6 36. Qd6 Qf3 37. Qe7 Ne4 38. Bxe4 Qxd1# 0-1

[Event "3rd Ideon Andron Open 2014"]
[Site "Anogia GRE"]
[Date "2014.08.01"]
[Round "4.10"]
[White "Hristodoulaki, Antonia"]
[Black "Simeonidis, Ioannis"]
[Result "1/2-1/2"]
[BlackTitle "FM"]
[WhiteElo "1940"]
[BlackElo "2234"]
[WhiteFideId "4214935"]
[BlackFideId "4202570"]
[EventDate "2014.07.30"]

1. e4 g6 2. d4 Bg7 3. c3 d6 4. Be3 Nf6 5. Bd3 O-O 6. h3 e5 7. dxe5 dxe5 8. Nf3
Nbd7 9. O-O Qe7 10. Nbd2 b6 11. b4 Bb7 12. Qe2 a5 13. a3 Nh5 14. Bc4 Nf4 15. Qd1
Nf6 16. Qc2 N6h5 17. Nb3 Qf6 18. Kh2 Bc8 19. Nbd2 Bd7 1/2-1/2

[Event "3rd Ideon Andron Open 2014"]
[Site "Anogia GRE"]
[Date "2014.08.02"]
[Round "5.1"]
[White "Narayanan, Srinath"]
[Black "Anurag, Mhamal"]
[Result "1/2-1/2"]
[WhiteTitle "IM"]
[BlackTitle "IM"]
[WhiteElo "2419"]
[BlackElo "2405"]
[WhiteFideId "5018420"]
[BlackFideId "5024366"]
[EventDate "2014.07.30"]

1. e4 d5 2. exd5 Qxd5 3. Nc3 Qd6 4. d4 Nf6 5. Nf3 g6 6. Nb5 Qb6 7. c4 c6 8. Nc3
Bg7 9. h3 O-O 10. Bd3 Na6 11. O-O c5 12. Na4 Qc7 13. Nxc5 1/2-1/2

[Event "3rd Ideon Andron Open 2014"]
[Site "Anogia GRE"]
[Date "2014.08.02"]
[Round "5.2"]
[White "Galopoulos, Nikolaos"]
[Black "Hristodoulou, Panagiotis"]
[Result "1/2-1/2"]
[WhiteElo "2361"]
[BlackElo "2242"]
[WhiteFideId "4208951"]
[BlackFideId "4214340"]
[EventDate "2014.07.30"]

1. d4 d5 2. c4 c6 3. Nf3 Nf6 4. e3 Bg4 5. h3 Bxf3 6. Qxf3 e6 7. Nc3 Nbd7 8. Bd3
Bd6 9. O-O O-O 10. b3 Re8 11. Bb2 Qe7 12. e4 e5 13. c5 exd4 14. cxd6 Qxd6 15.
Nxd5 cxd5 16. exd5 Ne5 17. Qf4 Qxd5 18. Rad1 Rad8 19. Rfe1 Qa5 20. Rf1 Nxd3 21.
Rxd3 Re4 22. Qd2 Qe5 1/2-1/2

[Event "3rd Ideon Andron Open 2014"]
[Site "Anogia GRE"]
[Date "2014.08.02"]
[Round "5.3"]
[White "Antic, Dejan"]
[Black "Swapnil, S. Dhopade"]
[Result "1/2-1/2"]
[WhiteTitle "GM"]
[BlackTitle "IM"]
[WhiteElo "2479"]
[BlackElo "2421"]
[WhiteFideId "901008"]
[BlackFideId "5019184"]
[EventDate "2014.07.30"]

1. d4 Nf6 2. Nf3 d5 3. c4 e6 4. Nc3 c5 5. cxd5 cxd4 6. Qxd4 exd5 7. e4 Nc6 8.
Bb5 dxe4 9. Qxd8+ Kxd8 10. Ng5 Be6 11. O-O Bb4 12. Ncxe4 Nxe4 13. Nxe4 Ke7 14.
Be3 Rhd8 15. Nc5 Bxc5 16. Bxc5+ Kf6 17. Rfd1 a6 18. Be2 Rxd1+ 19. Bxd1 Rd8 20.
Bf3 Bd5 21. Bb6 Rd6 22. Bc5 Rd8 23. Bb6 Rd6 24. Rd1 Ke6 25. Bc5 Rd8 26. Bb6 Rd6
27. Be2 Ne5 28. Bc7 Rc6 29. Bxe5 Kxe5 30. f4+ Ke6 31. Bg4+ f5 32. Bxf5+ Kxf5 33.
Rxd5+ Kxf4 34. g3+ Ke4 35. Rd7 Rc1+ 36. Kg2 Rc2+ 37. Kh3 Rxb2 38. Rxg7 b5 39. a4
bxa4 40. Rg4+ Kd5 41. Rxa4 Rb6 42. Kg4 Kc5 43. Ra1 Kb5 44. Rb1+ Kc6 45. Ra1 Kb5
46. Rb1+ 1/2-1/2

[Event "3rd Ideon Andron Open 2014"]
[Site "Anogia GRE"]
[Date "2014.08.02"]
[Round "5.4"]
[White "Tsekouras, Theodoros"]
[Black "Kasparov, Sergey"]
[Result "0-1"]
[BlackTitle "GM"]
[WhiteElo "2211"]
[BlackElo "2460"]
[WhiteFideId "4203402"]
[BlackFideId "13500481"]
[EventDate "2014.07.30"]

1. d4 Nf6 2. c4 c5 3. d5 b5 4. Qc2 bxc4 5. e4 e6 6. Bxc4 exd5 7. exd5 d6 8. Nc3
Be7 9. Nge2 O-O 10. O-O Nbd7 11. Ng3 Nb6 12. b3 Rb8 13. Bb2 Nxc4 14. bxc4 Rb4
15. Nd1 Re8 16. Ne3 Ng4 17. Rae1 Bf6 18. Bxf6 Nxf6 19. Rb1 h5 20. Ne2 Rxb1 21.
Rxb1 Ng4 22. Nxg4 hxg4 23. Ng3 Qf6 24. Rb8 g6 25. Nf1 Kg7 26. Rb3 Re1 27. Re3
Bf5 28. Qd2 Rb1 29. Rb3 Ra1 30. h3 gxh3 31. gxh3 Qd4 32. Qe2 Rc1 33. Kg2 Rc2 34.
Qe3 Rxc4 0-1

[Event "3rd Ideon Andron Open 2014"]
[Site "Anogia GRE"]
[Date "2014.08.02"]
[Round "5.5"]
[White "Lekic, Dusan"]
[Black "Makka, Evanthia"]
[Result "1-0"]
[WhiteTitle "IM"]
[WhiteElo "2433"]
[BlackElo "2117"]
[WhiteFideId "905330"]
[BlackFideId "4207513"]
[EventDate "2014.07.30"]

1. d4 Nf6 2. c4 c5 3. d5 e6 4. Nc3 exd5 5. cxd5 d6 6. e4 g6 7. f4 Bg7 8. Bb5+
Nfd7 9. a4 O-O 10. Nf3 a6 11. Be2 Re8 12. O-O Nf6 13. e5 dxe5 14. fxe5 Ng4 15.
d6 Nxe5 16. Nxe5 Bxe5 17. Nd5 Qh4 18. Bf4 Bd4+ 19. Kh1 Nc6 20. Nc7 Bf5 21. Nxa8
Rxa8 22. Qd2 Re8 23. Bf3 Qd8 24. Bxc6 bxc6 25. Rae1 Be4 26. b4 Qd7 27. Rc1 Rb8
28. Rfe1 Qf5 29. Bg3 Rxb4 30. d7 Qxd7 31. Rxe4 Qd5 32. Rce1 Rb2 33. Qh6 1-0

[Event "3rd Ideon Andron Open 2014"]
[Site "Anogia GRE"]
[Date "2014.08.02"]
[Round "5.6"]
[White "Kostopoulos, Evaggelos"]
[Black "Goumas, Georgios"]
[Result "1/2-1/2"]
[WhiteElo "2135"]
[BlackElo "2371"]
[WhiteFideId "4208641"]
[BlackFideId "4208935"]
[EventDate "2014.07.30"]

1. d4 Nf6 2. c4 e6 3. Nf3 d5 4. Nc3 Be7 5. Bf4 O-O 6. e3 b6 7. Rc1 c5 8. cxd5
exd5 9. Bd3 Nc6 10. Ne5 Bb7 11. O-O a6 12. dxc5 bxc5 1/2-1/2

[Event "3rd Ideon Andron Open 2014"]
[Site "Anogia GRE"]
[Date "2014.08.02"]
[Round "5.7"]
[White "Malikentzos, Sotirios"]
[Black "Kokolias, Konstantinos"]
[Result "1-0"]
[WhiteTitle "FM"]
[WhiteElo "2352"]
[BlackElo "2109"]
[WhiteFideId "4215079"]
[BlackFideId "4205006"]
[EventDate "2014.07.30"]

1. Nf3 d5 2. g3 c6 3. Bg2 Bg4 4. c4 e6 5. O-O Nd7 6. d3 Bxf3 7. Bxf3 dxc4 8. d4
Ngf6 9. Nd2 Nb6 10. e3 Nfd5 11. Qe2 c3 12. Nb3 cxb2 13. Bxb2 Na4 14. e4 Nf6 15.
d5 Nxb2 16. Qxb2 cxd5 17. exd5 exd5 18. Nd4 Qd7 19. Rfe1+ Be7 20. Qe2 Kf8 21.
Rac1 Bb4 22. Red1 g6 23. Qb2 Qe7 24. Nb5 Ba5 25. Rxd5 Kg7 26. g4 h6 27. h4 Kh7
28. Re5 Qb4 29. Qxb4 Bxb4 30. Rc7 Kg7 31. Rxb7 Rhe8 32. Rxe8 Rxe8 33. Nxa7 Bc5
34. Nc6 Ne4 35. Kg2 Nxf2 36. Rd7 Bb6 37. a4 Ne4 38. a5 Nf6 39. Rb7 Bc5 40. a6
Re1 41. Nd8 Rg1+ 42. Kh2 Nxg4+ 43. Bxg4 Rxg4 44. Ne6+ Kf6 45. Nxc5 Rxh4+ 46. Kg3
Rh1 47. a7 Ra1 48. Rb6+ 1-0